000 00544nam a2200193 a 4500
001 1771248325941
003 YourLibrary
005 20260216185646.0
008 260216s2006##################000#0#eng##
020 _a9780521829731
082 0 4 _a320.011
_bELS
100 1 _aElster, Jon,
_eauthor.
245 1 0 _aRetribution and Reparation in the Transition to Democracy :
260 _bCambridge University Press,
_c2006.
300 _a352 pages
650 0 _aPolitical Science.
942 _cENGLISH
040 _aYourLibrary
_beng
_cYourLibrary
999 _c612717
_d612717